[Event "Olympiad Women-40"]
[Site "Istanbul"]
[Date "2012.09.07"]
[Round "10.2"]
[White "Isaeva, Aknyr"]
[Black "Coimbra, Margarida Goncalves"]
[Result "1-0"]
[WhiteElo "2011"]
[BlackElo "2116"]
[PlyCount "41"]
[EventDate "2012.08.28"]
[EventType "team-swiss"]
[EventRounds "11"]
[EventCountry "TUR"]
[SourceTitle "CBM 150 Extra"]
[Source "ChessBase"]
[SourceDate "2012.10.19"]
[SourceVersion "1"]
[SourceVersionDate "2012.10.19"]
[SourceQuality "1"]
[WhiteTeam "Turkmenistan (W)"]
[BlackTeam "Portugal (W)"]
[WhiteTeamCountry "TKM"]
[BlackTeamCountry "POR"]

1. d4 d5 2. c4 e6 3. Nc3 c6 4. Nf3 dxc4 5. e3 b5 6. a4 Bb4 7. Ne5 Bb7 8. Qf3 Qe7 9. Qg3 f6 10. Nf3 Nd7 11. Be2 Nb6 12. Nd2 Bxc3 13. bxc3 Nxa4 14. Nxc4 Nxc3 15. Ba3 Qd7 16. Nd6+ Kd8 17. Nxb7+ Qxb7 18. Qd6+ Qd7 19. Qf8+ Qe8 20. Qxg7 Ne7 21. Bxe7+ 1-0

[Event "Olympiad Women-40"]
[Site "Istanbul"]
[Date "2012.09.03"]
[Round "6.2"]
[White "Gonzalez, Yaribeth"]
[Black "Isaeva, Aknyr"]
[Result "0-1"]
[WhiteElo "1796"]
[BlackElo "2011"]
[PlyCount "72"]
[EventDate "2012.08.28"]
[EventType "team-swiss"]
[EventRounds "11"]
[EventCountry "TUR"]
[SourceTitle "CBM 150 Extra"]
[Source "ChessBase"]
[SourceDate "2012.10.19"]
[SourceVersion "1"]
[SourceVersionDate "2012.10.19"]
[SourceQuality "1"]
[WhiteTeam "Panama (W)"]
[BlackTeam "Turkmenistan (W)"]
[WhiteTeamCountry "PAN"]
[BlackTeamCountry "TKM"]

1. e4 c5 2. Nf3 Nc6 3. d4 cxd4 4. Nxd4 g6 5. Nc3 Bg7 6. Be3 Nf6 7. f3 0-0 8. Qd2 d5 9. Nxc6 bxc6 10. e5 Nd7 11. Bh6 Bxh6 12. Qxh6 Nxe5 13. h4 f6 14. h5 g5 15. Bd3 Rf7 16. 0-0-0 Rg7 17. Bg6 Qb6 18. Rhe1 Qc7 19. Rxe5 Qxe5 20. Bxh7+ Rxh7 21. Qg6+ Rg7 22. Qe8+ Kh7 23. h6 Rg8 24. Qf7+ Kh8 25. h7 Rd8 26. Qh5 Qf4+ 27. Rd2 Qh4 28. Qxh4 gxh4 29. Rd4 h3 30. gxh3 Bxh3 31. Ne2 Bf5 32. Rh4 Bxh7 33. Nd4 c5 34. Ne6 Rg8 35. Nxc5 Rac8 36. Nd3 Rg1+ 0-1

[Event "Olympiad Women-40"]
[Site "Istanbul"]
[Date "2012.08.31"]
[Round "4.2"]
[White "Lopang, Tshepiso"]
[Black "Isaeva, Aknyr"]
[Result "0-1"]
[WhiteElo "1838"]
[BlackElo "2011"]
[PlyCount "54"]
[EventDate "2012.08.28"]
[EventType "team-swiss"]
[EventRounds "11"]
[EventCountry "TUR"]
[SourceTitle "CBM 150 Extra"]
[Source "ChessBase"]
[SourceDate "2012.10.19"]
[SourceVersion "1"]
[SourceVersionDate "2012.10.19"]
[SourceQuality "1"]
[WhiteTeam "Botswana (W)"]
[BlackTeam "Turkmenistan (W)"]
[WhiteTeamCountry "BOT"]
[BlackTeamCountry "TKM"]

1. d4 d5 2. Nf3 Nf6 3. Bf4 Bg4 4. e3 e6 5. h3 Bh5 6. Be2 c5 7. dxc5 Bxc5 8. 0-0 0-0 9. Nc3 Nc6 10. a3 a6 11. b4 Bd6 12. Bxd6 Qxd6 13. Na4 Ne4 14. Nh4 Bxe2 15. Qxe2 Qe7 16. Nf3 b5 17. Nb2 Rac8 18. Qd3 Qf6 19. Nd4 Nxd4 20. exd4 Rc3 21. Qd1 Rfc8 22. f3 Ng3 23. Rf2 Nf5 24. Qd2 Nxd4 25. a4 Rxc2 26. Qe1 Rxf2 27. Kxf2 Rc2+ 0-1

[Event "Olympiad Women-40"]
[Site "Istanbul"]
[Date "2012.08.30"]
[Round "3.2"]
[White "Isaeva, Aknyr"]
[Black "Frayna, Janelle Mae"]
[Result "0-1"]
[WhiteElo "2011"]
[BlackElo "1991"]
[PlyCount "78"]
[EventDate "2012.08.28"]
[EventType "team-swiss"]
[EventRounds "11"]
[EventCountry "TUR"]
[SourceTitle "CBM 150 Extra"]
[Source "ChessBase"]
[SourceDate "2012.10.19"]
[SourceVersion "1"]
[SourceVersionDate "2012.10.19"]
[SourceQuality "1"]
[WhiteTeam "Turkmenistan (W)"]
[BlackTeam "Philippines (W)"]
[WhiteTeamCountry "TKM"]
[BlackTeamCountry "PHI"]

1. d4 Nf6 2. c4 g6 3. Nc3 Bg7 4. e4 0-0 5. f3 d6 6. Be3 c5 7. dxc5 dxc5 8. Qxd8 Rxd8 9. Bxc5 Nc6 10. Nge2 Nd7 11. Bf2 Nde5 12. Nf4 Be6 13. Nxe6 fxe6 14. a3 Rac8 15. Rd1 Na5 16. Bxa7 Nexc4 17. Bxc4 Nxc4 18. Rxd8+ Rxd8 19. 0-0 Nxb2 20. Nb5 Rd3 21. Bc5 Rb3 22. Nd4 Rc3 23. Bb6 Nc4 24. Nxe6 Nxb6 25. Nxg7 Kxg7 26. Rb1 Rc6 27. Kf2 Kf6 28. Kg3 Ke5 29. h4 Kd6 30. Kf4 Kc7 31. Rb3 Na4 32. g4 Nc5 33. Re3 Rf6+ 34. Kg3 e5 35. Rc3 Rc6 36. Re3 Ne6 37. Rd3 Nf4 38. Rb3 Rc2 39. h5 g5 0-1

[Event "Olympiad Women-40"]
[Site "Istanbul"]
[Date "2012.08.28"]
[Round "1.2"]
[White "Albzoor, Anwar"]
[Black "Isaeva, Aknyr"]
[Result "0-1"]
[WhiteElo "1893"]
[BlackElo "2011"]
[PlyCount "64"]
[EventDate "2012.08.28"]
[EventType "team-swiss"]
[EventRounds "11"]
[EventCountry "TUR"]
[SourceTitle "CBM 150 Extra"]
[Source "ChessBase"]
[SourceDate "2012.10.19"]
[SourceVersion "1"]
[SourceVersionDate "2012.10.19"]
[SourceQuality "1"]
[WhiteTeam "Palestine (W)"]
[BlackTeam "Turkmenistan (W)"]
[WhiteTeamCountry "PLE"]
[BlackTeamCountry "TKM"]

1. d4 d5 2. c4 e6 3. Nc3 Nf6 4. Bg5 Be7 5. Nf3 0-0 6. e3 c6 7. Bd3 dxc4 8. Bxc4 Nd5 9. Bxe7 Qxe7 10. Nxd5 exd5 11. Bd3 Bg4 12. 0-0 Nd7 13. h3 Bh5 14. Be2 f5 15. Re1 Qd6 16. Ng5 Bg6 17. Bh5 Bxh5 18. Qxh5 h6 19. Nf3 Rae8 20. Rac1 Re6 21. Qh4 Re4 22. Qg3 f4 23. exf4 Rexf4 24. Re2 Nf6 25. Nd2 Nh5 26. Qh2 Qg6 27. g4 Rxd4 28. Qe5 Nf4 29. Nb3 Nxe2+ 30. Qxe2 Re4 31. Qd3 Rxg4+ 32. hxg4 Qxd3 0-1

[Event "Olympiad Women-38"]
[Site "Dresden"]
[Date "2008.11.22"]
[Round "9"]
[White "Isaeva, Aknyr"]
[Black "Erneste, Inguna"]
[Result "1/2-1/2"]
[WhiteElo "2063"]
[BlackElo "2290"]
[PlyCount "88"]
[EventDate "2008.11.13"]
[EventType "team-swiss"]
[EventRounds "11"]
[EventCountry "GER"]
[SourceTitle "CBM 128"]
[Source "ChessBase"]
[SourceDate "2009.01.28"]
[SourceVersion "1"]
[SourceVersionDate "2009.01.28"]
[SourceQuality "1"]
[WhiteTeam "Turkmenistan (W)"]
[BlackTeam "Latvia (W)"]
[WhiteTeamCountry "TKM"]
[BlackTeamCountry "LAT"]

1. d4 d5 2. c4 e6 3. Nc3 Be7 4. Nf3 Nf6 5. Bg5 0-0 6. e3 h6 7. Bh4 b6 8. cxd5 exd5 9. Bd3 Be6 10. Qc2 c5 11. dxc5 bxc5 12. Rd1 Nc6 13. a3 Qa5 14. 0-0 Rfd8 15. Bg3 Rac8 16. Qe2 Bg4 17. Ba6 d4 18. Bxc8 Bxc8 19. b4 cxb4 20. axb4 Qxb4 21. exd4 Qxc3 22. Rc1 Qb4 23. Rxc6 Bd7 24. Rc7 a5 25. Rfc1 a4 26. Ne5 Bb5 27. Qa2 Nd5 28. Rb7 Qxd4 29. Nf3 Qd3 30. Ne5 Qd4 31. h3 Be8 32. Nf3 Qd3 33. Ne5 Qf5 34. Nf3 Bf6 35. Re1 Bc6 36. Ra7 h5 37. Be5 Bxe5 38. Rxe5 Qf4 39. Qc2 Nb4 40. Qe2 Qc1+ 41. Kh2 Qf4+ 42. Kg1 Qc1+ 43. Kh2 Qf4+ 44. Kg1 Qc1+ 1/2-1/2

[Event "Olympiad Women-38"]
[Site "Dresden"]
[Date "2008.11.15"]
[Round "3"]
[White "Goletiani, Rusudan"]
[Black "Isaeva, Aknyr"]
[Result "1-0"]
[WhiteElo "2359"]
[BlackElo "2063"]
[PlyCount "55"]
[EventDate "2008.11.13"]
[EventType "team-swiss"]
[EventRounds "11"]
[EventCountry "GER"]
[SourceTitle "CBM 128"]
[Source "ChessBase"]
[SourceDate "2009.01.28"]
[SourceVersion "1"]
[SourceVersionDate "2009.01.28"]
[SourceQuality "1"]
[WhiteTeam "United States (W)"]
[BlackTeam "Turkmenistan (W)"]
[WhiteTeamCountry "USA"]
[BlackTeamCountry "TKM"]

1. Nf3 d5 2. c4 dxc4 3. Qa4+ Bd7 4. Qxc4 Nc6 5. d4 e6 6. e3 Nf6 7. Be2 Rc8 8. 0-0 Na5 9. Qd3 c5 10. b3 cxd4 11. Nxd4 Nd5 12. a3 Be7 13. e4 Rxc1 14. Rxc1 Nf4 15. Qf3 e5 16. Rd1 Qc7 17. Nf5 Bxf5 18. Bb5+ Kf8 19. exf5 Qc2 20. Nd2 Qxf5 21. Ne4 Qe6 22. Rac1 g6 23. b4 Nb3 24. Bc4 Qf5 25. Bxb3 g5 26. Ng3 Nh3+ 27. Kf1 Qxf3 28. gxf3 1-0

[Event "WMSG Rapid Team 1st (Women)"]
[Site "Beijing"]
[Date "2008.10.16"]
[Round "8"]
[White "Isaeva, Aknyr"]
[Black "Reppen, Ellisiv"]
[Result "0-1"]
[WhiteElo "2063"]
[BlackElo "1910"]
[PlyCount "127"]
[EventDate "2008.10.14"]
[EventType "team (rapid)"]
[EventRounds "9"]
[EventCountry "CHN"]
[SourceTitle "CBM 126 Extra"]
[Source "ChessBase"]
[SourceDate "2008.11.05"]
[SourceVersion "1"]
[SourceVersionDate "2008.11.05"]
[SourceQuality "1"]

1. d4 d5 2. c4 e6 3. Nc3 Nf6 4. Bg5 Be7 5. Nf3 0-0 6. e3 h6 7. Bh4 c6 8. Rc1 Nbd7 9. a3 a6 10. Bd3 dxc4 11. Bxc4 b5 12. Ba2 Bb7 13. 0-0 Rc8 14. b4 a5 15. Qb3 axb4 16. axb4 Nd5 17. Bxe7 Qxe7 18. Nxd5 exd5 19. Ra1 Ra8 20. Qc3 Nb6 21. Bb3 Nc4 22. Bc2 Qd6 23. Ne5 Nxe5 24. dxe5 Qe7 25. f4 f5 26. Rxa8 Bxa8 27. Ra1 Qf7 28. Qd4 Bb7 29. Ra7 Ra8 30. Qa1 Rxa7 31. Qxa7 Bc8 32. Qb8 Qd7 33. Kf2 d4 34. Bd3 dxe3+ 35. Kxe3 Kf7 36. Bc2 g6 37. Bb3+ Ke7 38. e6 Qb7 39. Qe5 Qb6+ 40. Ke2 Qd8 41. Qg7+ Kd6 42. Qxg6 Qe7 43. Qxf5 Qg7 44. Qd3+ Ke7 45. g3 Bxe6 46. Qe3 Qb2+ 47. Kf3 Qxb3 48. Qxb3 Bxb3 49. Ke4 Kf6 50. h3 Bd5+ 51. Kd4 Kf5 52. Ke3 h5 53. Kf2 Ke4 54. Ke2 h4 55. gxh4 Kxf4 56. h5 Kg5 57. Ke3 Kxh5 58. Kd4 Kh4 59. Kc5 Kxh3 60. Kd4 Kg4 61. Kc5 Kf4 62. Kd4 Bf3 63. Kc5 Ke5 64. Kb6 0-1

[Event "WMSG Rapid Team 1st (Women)"]
[Site "Beijing"]
[Date "2008.10.14"]
[Round "1"]
[White "Ghader Pour, Shayesteh"]
[Black "Isaeva, Aknyr"]
[Result "1-0"]
[WhiteElo "2149"]
[BlackElo "2063"]
[PlyCount "55"]
[EventDate "2008.10.14"]
[EventType "team (rapid)"]
[EventRounds "9"]
[EventCountry "CHN"]
[SourceTitle "CBM 126 Extra"]
[Source "ChessBase"]
[SourceDate "2008.11.05"]
[SourceVersion "1"]
[SourceVersionDate "2008.11.05"]
[SourceQuality "1"]

1. e4 c5 2. Nf3 Nc6 3. Bb5 g6 4. Bxc6 bxc6 5. 0-0 Bg7 6. Re1 d5 7. d3 Qc7 8. Nc3 Bb7 9. Bg5 e6 10. Na4 Qa5 11. c4 Nf6 12. Bd2 Qc7 13. Nxc5 Rb8 14. cxd5 cxd5 15. Rc1 Qb6 16. Bc3 Bc6 17. Bd4 Qb5 18. a4 Qb4 19. Na6 Bxa4 20. Qe2 Qb7 21. Nxb8 Qxb8 22. Ra1 Bc6 23. Qc2 Bd7 24. e5 Ng4 25. Rxa7 Bc8 26. Qc6+ Kf8 27. Ra8 Qb7 28. Rxc8+ 1-0

[Event "WMSG Rapid Team 1st (Women)"]
[Site "Beijing"]
[Date "2008.10.14"]
[Round "2"]
[White "Isaeva, Aknyr"]
[Black "Panella, Fiammetta"]
[Result "1-0"]
[WhiteElo "2063"]
[BlackElo "2004"]
[PlyCount "69"]
[EventDate "2008.10.14"]
[EventType "team (rapid)"]
[EventRounds "9"]
[EventCountry "CHN"]
[SourceTitle "CBM 126 Extra"]
[Source "ChessBase"]
[SourceDate "2008.11.05"]
[SourceVersion "1"]
[SourceVersionDate "2008.11.05"]
[SourceQuality "1"]

1. d4 Nf6 2. c4 g6 3. Nc3 d5 4. cxd5 Nxd5 5. e4 Nxc3 6. bxc3 Bg7 7. Bc4 c5 8. Ne2 0-0 9. 0-0 Nc6 10. Be3 Bg4 11. f3 cxd4 12. cxd4 Na5 13. Bxf7+ Rxf7 14. fxg4 Rxf1+ 15. Kxf1 e5 16. d5 Qh4 17. h3 Rf8+ 18. Kg1 Nc4 19. Qb3 b5 20. Bxa7 Bh6 21. Qd3 Qf6 22. Bc5 Rc8 23. Bf2 Rf8 24. Bc5 Rc8 25. Rf1 Qa6 26. Bb4 Ne3 27. Rf3 Qxa2 28. Bc3 Bf4 29. Rxe3 Bxe3+ 30. Qxe3 Qc2 31. Bxe5 b4 32. Qh6 Qd1+ 33. Kh2 Kf7 34. Qg7+ Ke8 35. Bd6 1-0

[Event "WMSG Blitz Team 1st (Women)"]
[Site "Beijing"]
[Date "2008.10.13"]
[Round "4"]
[White "Isaeva, Aknyr"]
[Black "Reppen, Ellisiv"]
[Result "0-1"]
[WhiteElo "2063"]
[BlackElo "1910"]
[PlyCount "71"]
[EventDate "2008.10.13"]
[EventType "team (blitz)"]
[EventRounds "11"]
[EventCountry "CHN"]
[SourceTitle "CBM 126 Extra"]
[Source "ChessBase"]
[SourceDate "2008.11.05"]
[SourceVersion "1"]
[SourceVersionDate "2008.11.05"]
[SourceQuality "1"]

1. d4 d5 2. c4 e6 3. Nc3 Nf6 4. Bg5 Be7 5. Nf3 0-0 6. e3 Nbd7 7. cxd5 exd5 8. Bd3 h6 9. Bh4 c6 10. Qc2 Nb6 11. 0-0 Be6 12. a3 Rc8 13. Ne5 Ng4 14. Nxg4 Bxh4 15. Ne5 Nd7 16. Nxd7 Qxd7 17. Qe2 Bf5 18. b4 Bxd3 19. Qxd3 Rce8 20. b5 f5 21. bxc6 bxc6 22. Ne2 Bg5 23. f4 Bd8 24. Kh1 Qe7 25. Rf3 Qe4 26. Qc3 Qe6 27. Rb1 Bb6 28. Re1 Rc8 29. Ng1 c5 30. dxc5 Bxc5 31. Rg3 Qf6 32. Qd3 Rfd8 33. Nf3 Bd6 34. Nd4 Rf8 35. Nb5 Bc5 36. Nd4 0-1